Tecnología de los medios audiovisuales /
Enregistré dans:
| Auteur principal: | |
|---|---|
| Format: | Livre |
| Langue: | espagnol |
| Publié: |
Barcelona, España :
Centro de Estudios de Derecho, Economía y Ciencias Sociales,
2003, c2003
|
| Collection: | (Textos Abiertos)
|
| Sujets: | |
| Tags: |
Pas de tags, Soyez le premier à ajouter un tag!
|
MARC
| LEADER | 00000nam^a2200000^a^4500 | ||
|---|---|---|---|
| 001 | 000156610 | ||
| 005 | 20250521000000.0 | ||
| 009 | 20260310100511.34 | ||
| 020 | |a 84-95665-27-1 | ||
| 037 | |a Acervo ITESO - Biblioteca | ||
| 041 | |a ESP | ||
| 082 | |a 302. 23028 |b FER | ||
| 100 | |a Fernández Sánchez, Manuel Carlos |e (autor) | ||
| 245 | 1 | 0 | |a Tecnología de los medios audiovisuales / |c M.C. Fernández Sánchez. |
| 264 | 4 | |a Barcelona, España : |b Centro de Estudios de Derecho, Economía y Ciencias Sociales, |c 2003, c2003 | |
| 300 | |a 196 p. | ||
| 336 | |a texto |b txt |2 rdacontenido | ||
| 337 | |a sin mediación |b n |2 rdamedio | ||
| 338 | |a volumen |b nc |2 rdasoporte | ||
| 440 | 1 | |a (Textos Abiertos) | |
| 649 | |a XX | ||
| 650 | |a Fotografía - |x Técnica | ||
| 650 | |a Cine - |x Aspectos Tecnológicos | ||
| 650 | |a Video - |x Aspectos Tecnológicos | ||
| 650 | |a Televisión Digital - |x Aspectos Tecnológicos | ||
| 650 | |a Televisión por Cable - |x Aspectos Tecnológicos | ||
| 650 | |a Satélites Artificiales | ||
| 650 | |a Medios Audiovisuales - |x Aspectos Tecnológicos | ||
| 650 | |a Medios de Comunicación - |x Aspectos Tecnológicos | ||
| 650 | |a Comunicación Visual - |x Aspectos Tecnológicos | ||
| 650 | |a Comunicación Masiva - |x Aspectos Tecnológicos | ||
| 650 | |a Tecnología | ||
| 910 | |a Fondo General | ||
| 920 | |a Impresos - Libros | ||
| 930 | |a Colección General | ||
| 905 | |a 101 | ||
| 901 | |a 0500085336 |b IT1 |c ACC |u 20250521 | ||
| 902 | |a https://opac.biblio.iteso.mx/vufind/Record/000156610 | ||